Northernmost Island Countries - Statistics

General Stats
  • This quiz has been taken 154 times
  • The average score is 10 of 12
Answer Stats
Latitude Countries % Correct
67°08'N Iceland (Kolbeinsey, Eyjafjarðarsýsla)
98%
60°51'N United Kingdom (Out Stack, Shetland Islands)
93%
55°26'N Ireland (Inishtrahull Island, County Donegal)
91%
45°31'N Japan (Cape Sōya, Hokkaidō)
90%
23°16'N Cuba (Cayo Cruz del Padre)
86%
36°05'N Malta (Xwieni Bay, Marsalforn Żebbuġ, Gozo)
86%
35°42'N Cyprus (Cape Apostolos Andreas)
83%
27°16'N Bahamas (Walker's Cay, Abaco Islands)
81%
26°23'N Taiwan (Dongyin, Matsu Islands)
80%
20°04'N Haiti (Pointe Tete de Chien)
78%
21°07'N Philippines (Mavudis (Yami) Island, Batan Islands)
68%
26°17'N Bahrain (Muharraq Island)
50%
No matching quizzes found
Score Distribution
Percent of People with Each Score
Percentile by Number Answered
Your Score History
You have not taken this quiz